Veracruz de 1849 a 1860 (Record no. 1049)
[ view plain ]
| 000 -CABECERA | |
|---|---|
| campo de control de longitud fija | 00966nam a2200265 a 4500 |
| 001 - NÚMERO DE CONTROL | |
| campo de control | BRCA_1172 |
| 005 - FECHA Y HORA DE LA ÚLTIMA TRANSACCIÓN | |
| campo de control | 20190320203320.0 |
| 008 - DATOS DE LONGITUD FIJA--INFORMACIÓN GENERAL | |
| campo de control de longitud fija | 920331s1989 mx-a---###---#000-0dspa-# |
| 020 ## - NÚMERO INTERNACIONAL ESTÁNDAR DEL LIBRO | |
| Número Internacional Estándar del Libro | 9686292012 |
| 040 ## - FUENTE DE LA CATALOGACIÓN | |
| Centro catalogador/agencia de origen | DLC |
| Centro/agencia transcriptor | DLC |
| Centro/agencia modificador | DLC |
| 041 ## - CÓDIGO DE LENGUA | |
| Código de lengua del texto/banda sonora o título independiente | spa |
| Código de lengua original | ger |
| 050 #4 - SIGNATURA TOPOGRÁFICA DE LA BIBLIOTECA DEL CONGRESO | |
| Número de clasificación | F1371 |
| Número de documento/Ítem | .H34 1989 |
| 100 1# - ENTRADA PRINCIPAL--NOMBRE DE PERSONA | |
| Nombre de persona | Hegi, Johann Salomon |
| Fechas asociadas al nombre | 1814-1896 |
| 9 (RLIN) | 3874 |
| 245 10 - MENCIÓN DE TÍTULO | |
| Título | Veracruz de 1849 a 1860 |
| Mención de responsabilidad, etc. | por J.S. Hegi. |
| 260 ## - PUBLICACIÓN, DISTRIBUCIÓN, ETC. | |
| Lugar de publicación, distribución, etc. | México |
| Nombre del editor, distribuidor, etc. | Grupo Aluminio |
| Fecha de publicación, distribución, etc. | 1989 |
| 300 ## - DESCRIPCIÓN FÍSICA | |
| Extensión | 155 p. |
| Otras características físicas | il. a color, mapas |
| Dimensiones | 30 cm. |
| 500 ## - NOTA GENERAL | |
| Nota general | Catálogo de la exposición realizada en el Museo Nacional de Historia (Ciudad de México), octubre 1989 |
| 500 ## - NOTA GENERAL | |
| Nota general | Incluye biografía |
| 600 14 - PUNTO DE ACCESO ADICIONAL DE MATERIA--NOMBRE DE PERSONA | |
| Nombre de persona | Hegi, Johann Salomon |
| Fechas asociadas al nombre | 1814-1896 |
| Subdivisión general | Recorrido |
| Subdivisión geográfica | México |
| 9 (RLIN) | 3875 |
| 651 #4 - PUNTO DE ACCESO ADICIONAL DE MATERIA--NOMBRE GEOGRÁFICO | |
| Nombre geográfico | Veracruz |
| Subdivisión general | Descripción y recorrido |
| Subdivisión geográfica | México |
| 9 (RLIN) | 3876 |
| 651 #4 - PUNTO DE ACCESO ADICIONAL DE MATERIA--NOMBRE GEOGRÁFICO | |
| Nombre geográfico | Veracruz |
| Subdivisión de forma | Trabajos Ilustrados |
| Subdivisión general | Vida social y costumbres |
| Subdivisión geográfica | México |
| 9 (RLIN) | 3877 |
| 651 #4 - PUNTO DE ACCESO ADICIONAL DE MATERIA--NOMBRE GEOGRÁFICO | |
| Nombre geográfico | México en el arte |
| Subdivisión geográfica | México |
| 9 (RLIN) | 3878 |
| 653 0# - TÉRMINO DE INDIZACIÓN--NO CONTROLADO | |
| Término no controlado | Vida cotidiana |
| 942 ## - ELEMENTOS DE PUNTO DE ACCESO ADICIONAL (KOHA) | |
| Fuente del sistema de clasificación o colocación | Library of Congress Classification |
| Tipo de ítem Koha | Libros |
| Estado de retiro | Estado de pérdida | Estado dañado | No para préstamo | Localización permanente | Ubicación/localización actual | Fecha de adquisición | Total de préstamos | Signatura topográfica completa | Código de barras | Fecha visto por última vez | Precio válido a partir de | Tipo de ítem Koha |
|---|---|---|---|---|---|---|---|---|---|---|---|---|
| El ejemplar forma parte de la colección y puede ser consultado según las políticas vigentes. | Biblioteca del Museo Franz Mayer (Rogerio Casas-Alatriste) | Biblioteca del Museo Franz Mayer (Rogerio Casas-Alatriste) | 26/06/2008 | F1371 .H34 1989 | 01691 | 22/03/2019 | 22/03/2019 | Libros |